Timeless:Classic American Architecture for Contemporary Living (Record no. 14427)

MARC details
000 -LEADER
fixed length control field 00441nam a2200181Ia 4500
003 - CONTROL NUMBER IDENTIFIER
control field OSt
005 - DATE AND TIME OF LATEST TRANSACTION
control field 20241125104308.0
008 - FIXED-LENGTH DATA ELEMENTS--GENERAL INFORMATION
fixed length control field 230312s9999||||xx |||||||||||||| ||und||
020 ## - INTERNATIONAL STANDARD BOOK NUMBER
International Standard Book Number 978-1939621931
040 ## - CATALOGING SOURCE
Modifying agency abc
050 ## - LIBRARY OF CONGRESS CALL NUMBER
Classification number 720.92
082 ## - DEWEY DECIMAL CLASSIFICATION NUMBER
Classification number 720.92
Item number AHE-T
100 ## - MAIN ENTRY--PERSONAL NAME
Personal name Ahearn;Patrick
245 #0 - TITLE STATEMENT
Title Timeless:Classic American Architecture for Contemporary Living
260 ## - PUBLICATION, DISTRIBUTION, ETC.
Date of publication, distribution, etc. 2018
650 ## - SUBJECT ADDED ENTRY--TOPICAL TERM
Topical term or geographic name entry element Architecture
942 ## - ADDED ENTRY ELEMENTS (KOHA)
Koha item type BOOK
Source of classification or shelving scheme Dewey Decimal Classification
Holdings
Withdrawn status Lost status Source of classification or shelving scheme Damaged status Not for loan Home library Current library Date acquired Total Checkouts Full call number Barcode Date last seen Price effective from Koha item type
    Dewey Decimal Classification     Superior Information Resource Center (SIRC) Superior University- Central Library Superior Information Resource Center (SIRC) Superior University- Central Library 03/13/2023   720.92 AHE-T 14562 03/13/2023 03/13/2023 BOOK

Powered by Koha